| 000 | 01661nam a2200253Ia 4500 | ||
|---|---|---|---|
| 008 | 260220t1981||||xx |||||||||||||| ||spa|| | ||
| 020 | _a8401370779 | ||
| 040 |
_aPY-SlUNAC _bspa _erda |
||
| 041 | _aspa | ||
| 082 |
_a863 _bC617s |
||
| 100 |
_aClavell, James _eAutor |
||
| 245 | 0 |
_aShogien / _cpor James Clavell [Autor] |
|
| 264 |
_aBarcelona : _bPlaza y Janés Editores, _c℗1981. |
||
| 300 | _a1 volumen | ||
| 520 | _a"Shogun", de James Clavell, es una novela histórica ambientada en el Japón del siglo XVII que narra la llegada de un navegante inglés, John Blackthorne, a una cultura radicalmente diferente. A medida que Blackthorne se adapta a las costumbres japonesas, se ve envuelto en intrigas políticas y conflictos entre poderosos señores feudales, conocidos como daimyos. Su relación con el líder militar Toranaga, un personaje carismático y astuto, se convierte en el eje central de la historia, ya que ambos hombres buscan comprender y manipular las complejas dinastías y alianzas de la época. A través de la narrativa, Clavell explora temas como el honor, la lealtad, el choque cultural y la lucha por el poder, ofreciendo un retrato vívido de la vida en Japón, así como una reflexión sobre las diferencias y similitudes entre las culturas oriental y occidental. La obra es un testimonio del conflicto entre tradición y modernidad, que resuena en el contexto global contemporáneo. | ||
| 653 | _aFicción | ||
| 653 | _aLiteratura | ||
| 653 | _aNovela | ||
| 942 |
_b2026/02/17 _cBK |
||
| 999 |
_c9245 _d9245 |
||